Clinical gynecologic endocrinology and infertility. (3rd ed.) (Record no. 31022)
[ view plain ]
| 000 -LEADER | |
|---|---|
| fixed length control field | 00796nam a2200229 a 4500 |
| 008 - FIXED-LENGTH DATA ELEMENTS--GENERAL INFORMATION | |
| fixed length control field | 110908s1983 ||||||||||||||||| || u |
| 020 ## - INTERNATIONAL STANDARD BOOK NUMBER | |
| International Standard Book Number | 068307895X |
| 050 ## - LIBRARY OF CONGRESS CALL NUMBER | |
| Classification number | RG 159 Spe |
| 100 ## - MAIN ENTRY--PERSONAL NAME | |
| Personal name | Glass, Robert H |
| 245 10 - TITLE STATEMENT | |
| Title | Clinical gynecologic endocrinology and infertility. (3rd ed.) |
| 250 ## - EDITION STATEMENT | |
| Edition statement | 3rd ed. |
| 260 ## - PUBLICATION, DISTRIBUTION, ETC. | |
| Place of publication, distribution, etc. | Baltrimore: |
| Name of publisher, distributor, etc. | Williams & Wilkins |
| Date of publication, distribution, etc. | 1983 |
| 300 ## - PHYSICAL DESCRIPTION | |
| Extent | ix, 589p. : ill. |
| 350 ## - | |
| -- | 0.00 |
| 650 ## - SUBJECT ADDED ENTRY--TOPICAL TERM | |
| Topical term or geographic name entry element | STERILITY, FEMALE |
| 650 ## - SUBJECT ADDED ENTRY--TOPICAL TERM | |
| Topical term or geographic name entry element | ENDOCRINE DISEASES |
| 650 ## - SUBJECT ADDED ENTRY--TOPICAL TERM | |
| Topical term or geographic name entry element | FERTILITY |
| 650 ## - SUBJECT ADDED ENTRY--TOPICAL TERM | |
| Topical term or geographic name entry element | GENITAL DISEASES, FEMALE |
| 700 ## - ADDED ENTRY--PERSONAL NAME | |
| Personal name | Speroff, Leon |
| 700 ## - ADDED ENTRY--PERSONAL NAME | |
| Personal name | Kase, Nathan G |
| 995 ## - | |
| -- | MEDICAL LIBRARY OPEN ACCESS |
| -- | 0.00 |
| -- | 900015 |
| -- | CBU-SCHOOL OF MEDICINE LIBRARY (Ndola) |
| -- | 1 |
| -- | 0.00 |
| -- | RG 159 Spe |
| -- | 1 |
| -- | AVAILABLE |
| -- | Oct 19, 2011 |
| -- | 900015 |
| -- | Medical Library Open Access Collection |
| 999 ## - | |
| -- | 31022 |
| -- | 31022 |
| Withdrawn status | Lost status | Source of classification or shelving scheme | Damaged status | Not for loan | Permanent Location | Current Location | Shelving location | Date acquired | Total Checkouts | Full call number | Barcode | Date last seen | Price effective from | Koha item type |
|---|---|---|---|---|---|---|---|---|---|---|---|---|---|---|
| CBU-SCHOOL OF MEDICINE LIBRARY, NDOLA. | CBU-SCHOOL OF MEDICINE LIBRARY, NDOLA. | 11/30/2022 | RG 159 Spe | 900015 | 11/30/2022 | 11/30/2022 | MONOGRAPH |